000 01130aam a2200337 4500
005 20250827113032.0
008 150504b2000 xxu||||| |||| 00| 0 spa d
020 _a9584101528
041 _aESP
082 _a658.43 K88f
100 _aKoulopoulos, Thomas
_934915
100 _aFrappaolo, Carl
_934916
245 _aLo fundamental y lo mas efectivo de la gerencia del conocimiento
260 _aColombia
260 _bMcGraw-Hill
260 _c2000
300 _a204 páginas
490 _aDirección y Administración de Empresas
650 _aGERENCIA INTERMEDIA
650 _aEL COMBUSTIBLE PARA LA INNOVACIÓN
650 _aECONOMÍA DEL CONOCIMIENTO
650 _aLAS PIEDRAS ANGULARES DEL CONOCIMIENTO
650 _aCAPITAL INTELECTUAL
650 _aEL SOFTWARE DEL CONOCIMIENTO
650 _aEL LADO MÁS SUAVE DE LA GERENCIA DEL CONOCIMIENTO
650 _aCÓMO CONDUCIR LA ORGANIZACIÓN BASADA EN EL CONOCIMIENTO
650 _aTECNOLOGÍAS
650 _aEL LADO SUAVE DE LA GERENCIA DEL CONOCIMIENTO
650 _aCÓMO CONDUCIR LA ORGANIZACIÓN BASADA EN EL CONOCIMIENTO
942 _cBK
_2ddc
999 _c5092
_d5092